00874nam a2200229Ia 4500003000900000008004100009020001800050040001600068080002300084245016500107260003700272300001600309490002700325650004100352650003300393650002400426700003800450700003400488942000700522999001500529952010000544IN-BaIIA211028s9999 xx 000 0 eng d a90-277-2665-5 cIIA Library a082.2:52bIAU-S126 4aThe Harlow-Shapley symposium on globular cluster systems in galaxiesc edited by Jonathan E. Grindlay and A.G Davis Philip  aDordrechtbKluwer Academicc1988 axxxi, 751p. aIAU Symposium; no. 126 aAstronomy and Astrophysics thesaurus aGlobular star clusters96789 aStar clusters96686 aGrindlay, Jonathan E., ed.915874 aPhilip, A.G Davis, ed.911239 cBK c9431d9431 00104070aBANbBANcGENd0000-00-00l0o082.2:52/ IAU-S126p10341r2021-11-05w0000-00-00yBK